Dekonstrukce lásky /

Dekonstrukce lásky je syrový, literárně ambiciózní a emocionálně nabitý ponor do ženské psychiky hledající své místo ve světě, který je hlučný, očekávající a často krutě skutečný.

Uloženo v:
Hlavní autor: Mild, Petr, 2000- (Autor)
Médium: Kniha
Jazyk:Czech
Vydáno: Praha : Kniha Zlín, 2026
Vydání:Vydání první
Témata:
Celkem bylo vypůjčeno:0x
Tagy:
Žádné tagy
LEADER 01724nam a2200349 i 4500
001 106475
003 CZ PrNK
005 20260604144705.0
007 ta
008 260518s2026 xr g 000 f cze
015 |a cnb003748596 
020 |a 9788025911075  |q (brožováno) :  |c Kč 399,00 
040 |a ABG001  |b cze  |e rda 
072 7 |a 821.162.3-3  |x Česká próza  |2 Konspekt  |9 25 
080 |a 821.162.3-31  |2 MRF 
080 |a (0:82-31)  |2 MRF 
100 1 |a Mild, Petr,  |d 2000-  |7 xx0345366  |4 aut  |9 117422 
245 1 0 |a Dekonstrukce lásky /  |c Petr Mild 
250 |a Vydání první 
264 1 |a Praha :  |b Kniha Zlín,  |c 2026 
300 |a 255 stran ;  |c 20 cm 
336 |a text  |b txt  |2 rdacontent 
337 |a bez média  |b n  |2 rdamedia 
338 |a svazek  |b nc  |2 rdacarrier 
520 2 |a Dekonstrukce lásky je syrový, literárně ambiciózní a emocionálně nabitý ponor do ženské psychiky hledající své místo ve světě, který je hlučný, očekávající a často krutě skutečný.  |b Tereza je mladá žena, která žije zároveň v realitě i v literárních světech, jež ji formují a zároveň dusí. V křehkém pomezí filozofie, sexuality a bolesti se snaží najít vlastní hlas, přičemž balancuje mezi intimitou těla, společenskými normami a fikčními vzory, které si přenesla z velkých literárních děl... Nakladatelská anotace. Kráceno. 
655 7 |a české romány  |7 fd133974  |2 czenas  |9 54031 
655 9 |a Czech fiction  |2 eczenas 
710 2 |a Nakladatelství Kniha Zlin  |7 xx0231594  |4 pbl  |9 117179 
910 |a UOG502 
942 |2 ddc  |c KN 
999 |d 106475 
993 |0 0  |1 421180107195  |2 ddc  |4 0  |7 0  |9 99919  |b 0  |c 107195  |d 2026-06-04  |e 0  |f DOSP  |h 399.00  |i Koupě  |l DOSP  |r 2026-06-04  |t 6  |w 2026-06-04  |y KN  |z BELET  |n